=LDR 00000nam 2200000 4500 =001 000312 =005 20250711042733 =035 ##$$a 0010-0725000165 =007 ta =008 250711################a##########0#ind## =082 ##$$a 398.209 598 =100 #$$a Shirinivasan,Mini =245 1#$$a Aku Tidak Takut! /$c Mini Shirinivasan =250 ##$$a pertama =260 ##$$a Jakarta Timur :$b Badan Pengembangan dan Pembinaan Bahasa,$c 2022 =300 ##$$a 14hlm. : $b ilus. ; $c 21,5cm =650 #4$$a cerita anak indonesia terjemahan =650 #4$$a literasi bahan bacaan =700 #$$a Rayika Seri =856 ##$$a TBM AS-SYUHADA =020 ##$$a 978-623-307-50-5 =084 ##$$a 398.209 598 SHI a =990 ##$$a TBM202400011 =990 ##$$a TBM202400196